Statistics for Geography True or False #2

Click here to take the quiz!

General Stats

  • This quiz has been taken 72,311 times
    (25,765 since last reset)
  • The average score is 13 of 16

Answer Stats

QuestionAnswer% Correct
Paris is on the coastFalse
97%
Sydney is the capital of AustraliaFalse
95%
Every country in the world has a rectangular flagFalse
95%
More than 2/3rds of people from the Netherlands can have a conversation in EnglishTrue
94%
Of the twenty poorest countries in the world, most of them are in AfricaTrue
92%
The currency of Spain is the PesoFalse
89%
El Paso is on the U.S. border with MexicoTrue
86%
Hindi is the most commonly-spoken language in IndiaTrue
86%
The United States emits more carbon dioxide than any other countryFalse
81%
France gets most of its electricity from nuclear powerTrue
81%
Belgium borders exactly two other countriesFalse
80%
Japan has a high unemployment rate compared to other countriesFalse
80%
The Prime Meridian passes through LondonTrue
74%
The United Nations headquarters are located in New York CityTrue
71%
Florida is the southernmost state in the U.S.False
70%
Turkey is a country with an above-average amount of religious diversityFalse
58%

Score Distribution

Percentile by Number Answered

Percent of People with Each Score

Your Score History

You have not taken this quiz since the last reset